000 01041cam a2200277 i 4500
001 59455
003 Mx-PuUPA
005 20250430104320.0
008 140415s1994 mx ao gr 000 0 spa d
040 _cmx
_aMx-PuUPA
_bspa
_dMx-PuUPA
_erda
041 0 _aspa
100 0 _aSánchez Z., Leonardo
_eautor
_916996
245 1 3 _aLa restauración de la taumaturga imagen de Nuestra Señora de Zapopan :
_bhistoria sucinta /
_cFray Leonardo Sánchez Z., O.F.M.
264 1 _aZapopan, Jalisco :
_bImpre-Jal,
_c1994
300 _a30 páginas :
_bilustraciones, fotografías ;
_c28 cm
336 _2rdacontent
_atexto
_btxt
337 _2rdamedia
_asin medio
_bn
338 _2rdacarrier
_avolumen
_bnc
600 0 4 _aNuestra Señora de Zapopan
_xConservación y restauración
650 7 _2armarc
_aImágenes e ídolos
_xEscultura primitiva
650 7 _2armarc
_aImágenes e ídolos
_xAdoración
650 7 _2armarc
_aArte y religión
942 _2ddc
_cLI
_h700.4820218
_iS54
999 _c59455
_d59455